Schnelle Mathematik - Subtraktion - Statistiken

Allgemein
  • Dieses Quiz wurde 15.929 mal gespielt
    14.692 seit der letzten Aktualisierung
  • Das Durchschnittsergebnis liegt bei 19 aus 20
Antwortstatistiken
Problem Lösung % Korrekt
38 - 37 1
100%
39 - 38 1
100%
44 - 34 10
100%
52 - 42 10
100%
18 - 6 12
100%
86 - 73 13
100%
49 - 35 14
100%
54 - 40 14
100%
18 - 1 17
100%
41 - 24 17
100%
59 - 40 19
100%
32 - 30 2
100%
35 - 33 2
100%
40 - 20 20
100%
64 - 44 20
100%
89 - 65 24
100%
38 - 13 25
100%
31 - 5 26
100%
47 - 20 27
100%
40 - 12 28
100%
20 - 17 3
100%
74 - 71 3
100%
32 - 2 30
100%
36 - 6 30
100%
37 - 6 31
100%
77 - 45 32
100%
48 - 14 34
100%
45 - 10 35
100%
41 - 3 38
100%
5 - 1 4
100%
48 - 8 40
100%
70 - 30 40
100%
85 - 45 40
100%
88 - 43 45
100%
25 - 20 5
100%
56 - 6 50
100%
79 - 28 51
100%
22 - 16 6
100%
91 - 31 60
100%
71 - 8 63
100%
95 - 30 65
100%
100 - 32 68
100%
73 - 1 72
100%
84 - 10 74
100%
80 - 5 75
100%
88 - 10 78
100%
90 - 11 79
100%
99 - 20 79
100%
94 - 5 89
100%
99 - 1 98
100%
4 - 3 1
99%
8 - 7 1
99%
19 - 18 1
99%
23 - 22 1
99%
81 - 80 1
99%
94 - 93 1
99%
15 - 4 11
99%
24 - 13 11
99%
42 - 31 11
99%
63 - 52 11
99%
35 - 23 12
99%
39 - 27 12
99%
43 - 31 12
99%
74 - 62 12
99%
91 - 79 12
99%
45 - 32 13
99%
18 - 4 14
99%
19 - 5 14
99%
20 - 5 15
99%
26 - 11 15
99%
28 - 13 15
99%
45 - 30 15
99%
100 - 85 15
99%
100 - 84 16
99%
19 - 1 18
99%
21 - 3 18
99%
24 - 6 18
99%
28 - 10 18
99%
30 - 12 18
99%
39 - 21 18
99%
49 - 31 18
99%
81 - 63 18
99%
7 - 5 2
99%
15 - 13 2
99%
21 - 19 2
99%
33 - 31 2
99%
45 - 43 2
99%
47 - 45 2
99%
53 - 51 2
99%
63 - 61 2
99%
85 - 83 2
99%
96 - 94 2
99%
33 - 13 20
99%
56 - 36 20
99%
82 - 62 20
99%
86 - 66 20
99%
35 - 14 21
99%
30 - 7 23
99%
40 - 17 23
99%
67 - 44 23
99%
62 - 38 24
99%
30 - 4 26
99%
66 - 40 26
99%
67 - 41 26
99%
39 - 12 27
99%
36 - 8 28
99%
4 - 1 3
99%
10 - 7 3
99%
18 - 15 3
99%
60 - 57 3
99%
67 - 64 3
99%
31 - 1 30
99%
39 - 9 30
99%
47 - 17 30
99%
59 - 29 30
99%
71 - 41 30
99%
80 - 49 31
99%
63 - 30 33
99%
36 - 2 34
99%
38 - 4 34
99%
47 - 12 35
99%
41 - 4 37
99%
46 - 8 38
99%
94 - 56 38
99%
8 - 4 4
99%
11 - 7 4
99%
13 - 9 4
99%
51 - 47 4
99%
57 - 17 40
99%
44 - 3 41
99%
95 - 54 41
99%
54 - 12 42
99%
79 - 36 43
99%
100 - 57 43
99%
54 - 10 44
99%
95 - 50 45
99%
58 - 9 49
99%
60 - 11 49
99%
7 - 2 5
99%
9 - 4 5
99%
15 - 10 5
99%
29 - 24 5
99%
44 - 39 5
99%
67 - 17 50
99%
99 - 49 50
99%
81 - 30 51
99%
82 - 31 51
99%
74 - 22 52
99%
59 - 6 53
99%
70 - 17 53
99%
61 - 7 54
99%
64 - 10 54
99%
73 - 16 57
99%
99 - 40 59
99%
8 - 2 6
99%
11 - 5 6
99%
13 - 7 6
99%
20 - 14 6
99%
39 - 33 6
99%
41 - 35 6
99%
48 - 42 6
99%
63 - 3 60
99%
76 - 16 60
99%
93 - 33 60
99%
77 - 16 61
99%
90 - 29 61
99%
64 - 1 63
99%
67 - 1 66
99%
75 - 8 67
99%
72 - 4 68
99%
73 - 5 68
99%
73 - 4 69
99%
78 - 9 69
99%
13 - 6 7
99%
14 - 7 7
99%
83 - 13 70
99%
84 - 14 70
99%
89 - 19 70
99%
97 - 27 70
99%
73 - 2 71
99%
77 - 6 71
99%
80 - 9 71
99%
94 - 21 73
99%
99 - 24 75
99%
81 - 3 78
99%
86 - 8 78
99%
80 - 1 79
99%
87 - 8 79
99%
10 - 2 8
99%
90 - 82 8
99%
86 - 6 80
99%
83 - 1 82
99%
89 - 1 88
99%
99 - 9 90
99%
5 - 4 1
98%
6 - 5 1
98%
12 - 11 1
98%
20 - 19 1
98%
28 - 27 1
98%
55 - 54 1
98%
64 - 63 1
98%
67 - 66 1
98%
73 - 72 1
98%
79 - 78 1
98%
95 - 94 1
98%
13 - 3 10
98%
17 - 7 10
98%
19 - 9 10
98%
47 - 37 10
98%
48 - 38 10
98%
60 - 50 10
98%
89 - 79 10
98%
22 - 11 11
98%
54 - 43 11
98%
64 - 53 11
98%
76 - 65 11
98%
77 - 66 11
98%
16 - 4 12
98%
20 - 8 12
98%
29 - 17 12
98%
71 - 59 12
98%
16 - 3 13
98%
19 - 6 13
98%
36 - 23 13
98%
46 - 33 13
98%
76 - 63 13
98%
24 - 10 14
98%
96 - 82 14
98%
30 - 15 15
98%
90 - 75 15
98%
94 - 79 15
98%
17 - 1 16
98%
21 - 5 16
98%
27 - 11 16
98%
29 - 13 16
98%
37 - 21 16
98%
56 - 40 16
98%
59 - 43 16
98%
89 - 73 16
98%
47 - 30 17
98%
80 - 63 17
98%
47 - 29 18
98%
29 - 10 19
98%
42 - 23 19
98%
43 - 24 19
98%
4 - 2 2
98%
5 - 3 2
98%
8 - 6 2
98%
16 - 14 2
98%
17 - 15 2
98%
24 - 22 2
98%
27 - 25 2
98%
44 - 42 2
98%
59 - 57 2
98%
74 - 72 2
98%
24 - 4 20
98%
30 - 10 20
98%
34 - 14 20
98%
37 - 17 20
98%
38 - 18 20
98%
41 - 21 20
98%
58 - 38 20
98%
34 - 13 21
98%
44 - 23 21
98%
49 - 28 21
98%
56 - 35 21
98%
60 - 39 21
98%
64 - 43 21
98%
91 - 70 21
98%
26 - 4 22
98%
29 - 7 22
98%
38 - 16 22
98%
54 - 32 22
98%
74 - 52 22
98%
83 - 61 22
98%
90 - 68 22
98%
26 - 3 23
98%
39 - 16 23
98%
28 - 4 24
98%
75 - 51 24
98%
77 - 53 24
98%
97 - 73 24
98%
34 - 9 25
98%
50 - 25 25
98%
52 - 27 25
98%
35 - 9 26
98%
36 - 10 26
98%
63 - 37 26
98%
28 - 1 27
98%
38 - 11 27
98%
48 - 21 27
98%
78 - 51 27
98%
79 - 52 27
98%
32 - 4 28
98%
34 - 6 28
98%
39 - 11 28
98%
71 - 43 28
98%
46 - 17 29
98%
54 - 25 29
98%
60 - 31 29
98%
7 - 4 3
98%
27 - 24 3
98%
29 - 26 3
98%
34 - 31 3
98%
57 - 54 3
98%
69 - 66 3
98%
82 - 79 3
98%
90 - 87 3
98%
94 - 91 3
98%
48 - 18 30
98%
52 - 22 30
98%
65 - 35 30
98%
74 - 44 30
98%
81 - 51 30
98%
87 - 57 30
98%
89 - 59 30
98%
99 - 69 30
98%
38 - 7 31
98%
57 - 26 31
98%
70 - 39 31
98%
82 - 51 31
98%
90 - 59 31
98%
91 - 60 31
98%
34 - 2 32
98%
57 - 25 32
98%
65 - 33 32
98%
38 - 5 33
98%
72 - 39 33
98%
100 - 67 33
98%
46 - 12 34
98%
93 - 59 34
98%
53 - 18 35
98%
60 - 25 35
98%
98 - 63 35
98%
39 - 2 37
98%
50 - 13 37
98%
93 - 56 37
98%
43 - 5 38
98%
52 - 14 38
98%
58 - 20 38
98%
64 - 26 38
98%
68 - 30 38
98%
72 - 34 38
98%
41 - 2 39
98%
12 - 8 4
98%
25 - 21 4
98%
26 - 22 4
98%
30 - 26 4
98%
49 - 45 4
98%
66 - 62 4
98%
98 - 94 4
98%
44 - 4 40
98%
47 - 7 40
98%
81 - 41 40
98%
86 - 46 40
98%
99 - 59 40
98%
47 - 6 41
98%
49 - 8 41
98%
50 - 9 41
98%
53 - 12 41
98%
77 - 36 41
98%
80 - 39 41
98%
85 - 44 41
98%
100 - 59 41
98%
46 - 4 42
98%
56 - 14 42
98%
66 - 24 42
98%
76 - 34 42
98%
84 - 41 43
98%
90 - 47 43
98%
95 - 52 43
98%
46 - 2 44
98%
53 - 9 44
98%
46 - 1 45
98%
60 - 15 45
98%
67 - 22 45
98%
49 - 3 46
98%
51 - 5 46
98%
99 - 53 46
98%
74 - 26 48
98%
79 - 31 48
98%
99 - 51 48
98%
61 - 12 49
98%
12 - 7 5
98%
18 - 13 5
98%
35 - 30 5
98%
47 - 42 5
98%
90 - 85 5
98%
97 - 47 50
98%
54 - 3 51
98%
64 - 12 52
98%
61 - 8 53
98%
74 - 21 53
98%
83 - 30 53
98%
67 - 13 54
98%
60 - 5 55
98%
66 - 11 55
98%
57 - 1 56
98%
68 - 11 57
98%
78 - 21 57
98%
59 - 1 58
98%
79 - 21 58
98%
81 - 23 58
98%
9 - 3 6
98%
10 - 4 6
98%
27 - 21 6
98%
34 - 28 6
98%
49 - 43 6
98%
72 - 66 6
98%
76 - 70 6
98%
66 - 6 60
98%
80 - 20 60
98%
63 - 2 61
98%
65 - 4 61
98%
69 - 8 61
98%
75 - 14 61
98%
88 - 27 61
98%
89 - 28 61
98%
84 - 22 62
98%
86 - 24 62
98%
68 - 5 63
98%
94 - 31 63
98%
67 - 3 64
98%
86 - 22 64
98%
95 - 31 64
98%
88 - 23 65
98%
90 - 25 65
98%
72 - 3 69
98%
92 - 23 69
98%
18 - 11 7
98%
21 - 14 7
98%
39 - 32 7
98%
45 - 38 7
98%
47 - 40 7
98%
57 - 50 7
98%
67 - 60 7
98%
79 - 72 7
98%
98 - 28 70
98%
85 - 13 72
98%
80 - 7 73
98%
82 - 8 74
98%
89 - 15 74
98%
77 - 2 75
98%
88 - 13 75
98%
100 - 24 76
98%
84 - 7 77
98%
89 - 11 78
98%
94 - 15 79
98%
95 - 16 79
98%
11 - 3 8
98%
22 - 14 8
98%
24 - 16 8
98%
38 - 30 8
98%
48 - 40 8
98%
53 - 45 8
98%
78 - 70 8
98%
99 - 91 8
98%
100 - 19 81
98%
90 - 7 83
98%
92 - 8 84
98%
90 - 5 85
98%
93 - 8 85
98%
92 - 6 86
98%
99 - 13 86
98%
95 - 6 89
98%
97 - 8 89
98%
12 - 3 9
98%
13 - 4 9
98%
24 - 15 9
98%
25 - 16 9
98%
30 - 21 9
98%
35 - 26 9
98%
49 - 40 9
98%
84 - 75 9
98%
100 - 10 90
98%
96 - 3 93
98%
97 - 4 93
98%
3 - 2 1
97%
9 - 8 1
97%
13 - 12 1
97%
27 - 26 1
97%
30 - 29 1
97%
50 - 49 1
97%
56 - 55 1
97%
74 - 73 1
97%
83 - 82 1
97%
91 - 90 1
97%
99 - 98 1
97%
27 - 17 10
97%
31 - 21 10
97%
32 - 22 10
97%
50 - 40 10
97%
65 - 55 10
97%
87 - 77 10
97%
16 - 5 11
97%
26 - 15 11
97%
30 - 19 11
97%
34 - 23 11
97%
43 - 32 11
97%
44 - 33 11
97%
53 - 42 11
97%
57 - 46 11
97%
80 - 69 11
97%
81 - 70 11
97%
100 - 89 11
97%
21 - 9 12
97%
34 - 22 12
97%
37 - 25 12
97%
38 - 26 12
97%
49 - 37 12
97%
50 - 38 12
97%
65 - 53 12
97%
84 - 72 12
97%
15 - 2 13
97%
28 - 15 13
97%
34 - 21 13
97%
38 - 25 13
97%
17 - 3 14
97%
26 - 12 14
97%
40 - 26 14
97%
25 - 10 15
97%
27 - 12 15
97%
39 - 24 15
97%
19 - 3 16
97%
26 - 10 16
97%
47 - 31 16
97%
58 - 42 16
97%
69 - 53 16
97%
80 - 64 16
97%
86 - 70 16
97%
49 - 32 17
97%
67 - 50 17
97%
77 - 60 17
97%
78 - 61 17
97%
84 - 67 17
97%
85 - 68 17
97%
90 - 73 17
97%
98 - 81 17
97%
23 - 5 18
97%
26 - 8 18
97%
60 - 42 18
97%
22 - 3 19
97%
46 - 27 19
97%
95 - 76 19
97%
98 - 79 19
97%
10 - 8 2
97%
12 - 10 2
97%
22 - 20 2
97%
65 - 63 2
97%
80 - 78 2
97%
92 - 90 2
97%
29 - 9 20
97%
31 - 11 20
97%
36 - 16 20
97%
61 - 41 20
97%
84 - 64 20
97%
91 - 71 20
97%
99 - 79 20
97%
32 - 11 21
97%
41 - 20 21
97%
42 - 21 21
97%
48 - 27 21
97%
53 - 32 21
97%
55 - 34 21
97%
31 - 9 22
97%
32 - 10 22
97%
37 - 15 22
97%
42 - 20 22
97%
45 - 23 22
97%
50 - 28 22
97%
52 - 30 22
97%
63 - 41 22
97%
66 - 44 22
97%
35 - 12 23
97%
37 - 14 23
97%
46 - 23 23
97%
29 - 5 24
97%
37 - 13 24
97%
54 - 30 24
97%
60 - 36 24
97%
74 - 50 24
97%
95 - 71 24
97%
29 - 4 25
97%
32 - 7 25
97%
36 - 11 25
97%
37 - 12 25
97%
45 - 20 25
97%
56 - 30 26
97%
57 - 31 26
97%
33 - 6 27
97%
43 - 16 27
97%
59 - 32 27
97%
70 - 43 27
97%
88 - 61 27
97%
29 - 1 28
97%
33 - 5 28
97%
37 - 9 28
97%
31 - 2 29
97%
36 - 7 29
97%
41 - 12 29
97%
5 - 2 3
97%
8 - 5 3
97%
9 - 6 3
97%
16 - 13 3
97%
17 - 14 3
97%
19 - 16 3
97%
33 - 30 3
97%
37 - 34 3
97%
39 - 36 3
97%
53 - 50 3
97%
78 - 75 3
97%
79 - 76 3
97%
96 - 93 3
97%
97 - 94 3
97%
42 - 12 30
97%
79 - 49 30
97%
83 - 53 30
97%
92 - 62 30
97%
36 - 5 31
97%
39 - 8 31
97%
40 - 9 31
97%
41 - 10 31
97%
43 - 12 31
97%
46 - 15 31
97%
55 - 24 31
97%
73 - 42 31
97%
35 - 3 32
97%
40 - 8 32
97%
50 - 18 32
97%
55 - 23 32
97%
68 - 36 32
97%
72 - 40 32
97%
35 - 2 33
97%
37 - 4 33
97%
42 - 9 33
97%
46 - 13 33
97%
58 - 25 33
97%
73 - 40 33
97%
85 - 52 33
97%
41 - 7 34
97%
45 - 11 34
97%
55 - 21 34
97%
56 - 22 34
97%
36 - 1 35
97%
40 - 5 35
97%
46 - 11 35
97%
40 - 4 36
97%
44 - 8 36
97%
60 - 23 37
97%
90 - 53 37
97%
99 - 62 37
97%
42 - 4 38
97%
45 - 7 38
97%
49 - 11 38
97%
59 - 21 38
97%
71 - 33 38
97%
79 - 41 38
97%
42 - 3 39
97%
43 - 4 39
97%
6 - 2 4
97%
9 - 5 4
97%
14 - 10 4
97%
19 - 15 4
97%
23 - 19 4
97%
28 - 24 4
97%
31 - 27 4
97%
48 - 44 4
97%
71 - 67 4
97%
91 - 87 4
97%
65 - 25 40
97%
67 - 27 40
97%
73 - 33 40
97%
98 - 58 40
97%
45 - 4 41
97%
63 - 22 41
97%
78 - 37 41
97%
52 - 10 42
97%
62 - 20 42
97%
88 - 46 42
97%
44 - 1 43
97%
52 - 9 43
97%
60 - 17 43
97%
61 - 18 43
97%
50 - 6 44
97%
61 - 17 44
97%
68 - 24 44
97%
85 - 41 44
97%
51 - 6 45
97%
55 - 10 45
97%
71 - 26 45
97%
89 - 44 45
97%
98 - 53 45
97%
97 - 51 46
97%
100 - 54 46
97%
49 - 1 48
97%
77 - 29 48
97%
57 - 8 49
97%
82 - 33 49
97%
14 - 9 5
97%
16 - 11 5
97%
17 - 12 5
97%
22 - 17 5
97%
36 - 31 5
97%
38 - 33 5
97%
40 - 35 5
97%
45 - 40 5
97%
80 - 75 5
97%
85 - 80 5
97%
89 - 84 5
97%
91 - 86 5
97%
79 - 29 50
97%
88 - 38 50
97%
55 - 4 51
97%
70 - 19 51
97%
72 - 21 51
97%
65 - 13 52
97%
58 - 5 53
97%
69 - 16 53
97%
77 - 24 53
97%
78 - 25 53
97%
60 - 6 54
97%
79 - 25 54
97%
100 - 46 54
97%
78 - 23 55
97%
85 - 30 55
97%
58 - 1 57
97%
81 - 24 57
97%
98 - 41 57
97%
70 - 12 58
97%
73 - 15 58
97%
71 - 12 59
97%
90 - 31 59
97%
17 - 11 6
97%
46 - 40 6
97%
47 - 41 6
97%
55 - 49 6
97%
59 - 53 6
97%
60 - 54 6
97%
82 - 76 6
97%
94 - 34 60
97%
68 - 7 61
97%
76 - 15 61
97%
75 - 13 62
97%
76 - 14 62
97%
70 - 7 63
97%
72 - 9 63
97%
80 - 17 63
97%
96 - 33 63
97%
68 - 4 64
97%
84 - 20 64
97%
67 - 2 65
97%
75 - 10 65
97%
99 - 34 65
97%
86 - 20 66
97%
77 - 10 67
97%
80 - 13 67
97%
71 - 3 68
97%
88 - 20 68
97%
96 - 28 68
97%
75 - 6 69
97%
93 - 24 69
97%
12 - 5 7
97%
26 - 19 7
97%
28 - 21 7
97%
32 - 25 7
97%
56 - 49 7
97%
68 - 61 7
97%
100 - 93 7
97%
76 - 6 70
97%
85 - 15 70
97%
90 - 20 70
97%
72 - 1 71
97%
100 - 29 71
97%
79 - 7 72
97%
88 - 16 72
97%
78 - 5 73
97%
79 - 6 73
97%
90 - 15 75
97%
82 - 4 78
97%
84 - 6 78
97%
87 - 9 78
97%
92 - 14 78
97%
95 - 17 78
97%
98 - 20 78
97%
81 - 2 79
97%
92 - 13 79
97%
13 - 5 8
97%
19 - 11 8
97%
60 - 52 8
97%
95 - 87 8
97%
98 - 90 8
97%
84 - 4 80
97%
85 - 5 80
97%
100 - 18 82
97%
91 - 7 84
97%
89 - 4 85
97%
88 - 2 86
97%
98 - 12 86
97%
92 - 3 89
97%
99 - 10 89
97%
15 - 6 9
97%
16 - 7 9
97%
18 - 9 9
97%
20 - 11 9
97%
21 - 12 9
97%
27 - 18 9
97%
28 - 19 9
97%
38 - 29 9
97%
44 - 35 9
97%
46 - 37 9
97%
54 - 45 9
97%
70 - 61 9
97%
73 - 64 9
97%
76 - 67 9
97%
92 - 1 91
97%
94 - 2 92
97%
97 - 5 92
97%
98 - 5 93
97%
99 - 5 94
97%
100 - 5 95
97%
100 - 1 99
97%
31 - 30 1
96%
36 - 35 1
96%
40 - 39 1
96%
45 - 44 1
96%
36 - 26 10
96%
41 - 31 10
96%
42 - 32 10
96%
76 - 66 10
96%
83 - 73 10
96%
23 - 12 11
96%
55 - 44 11
96%
56 - 45 11
96%
69 - 58 11
96%
72 - 61 11
96%
79 - 68 11
96%
25 - 13 12
96%
40 - 28 12
96%
41 - 29 12
96%
73 - 61 12
96%
77 - 65 12
96%
83 - 71 12
96%
88 - 76 12
96%
95 - 83 12
96%
98 - 86 12
96%
99 - 87 12
96%
22 - 9 13
96%
27 - 14 13
96%
47 - 34 13
96%
54 - 41 13
96%
82 - 69 13
96%
89 - 76 13
96%
32 - 18 14
96%
37 - 23 14
96%
48 - 34 14
96%
64 - 50 14
96%
66 - 52 14
96%
67 - 53 14
96%
70 - 56 14
96%
17 - 2 15
96%
18 - 3 15
96%
22 - 7 15
96%
43 - 28 15
96%
44 - 29 15
96%
63 - 48 15
96%
65 - 50 15
96%
96 - 81 15
96%
98 - 83 15
96%
24 - 8 16
96%
49 - 33 16
96%
57 - 41 16
96%
65 - 49 16
96%
32 - 15 17
96%
40 - 23 17
96%
53 - 36 17
96%
82 - 65 17
96%
95 - 78 17
96%
20 - 2 18
96%
32 - 14 18
96%
36 - 18 18
96%
48 - 30 18
96%
26 - 7 19
96%
55 - 36 19
96%
65 - 46 19
96%
73 - 54 19
96%
81 - 62 19
96%
83 - 64 19
96%
84 - 65 19
96%
3 - 1 2
96%
11 - 9 2
96%
46 - 44 2
96%
56 - 54 2
96%
93 - 91 2
96%
23 - 3 20
96%
25 - 5 20
96%
65 - 45 20
96%
79 - 59 20
96%
92 - 72 20
96%
27 - 6 21
96%
37 - 16 21
96%
45 - 24 21
96%
87 - 66 21
96%
88 - 67 21
96%
33 - 11 22
96%
35 - 13 22
96%
55 - 33 22
96%
59 - 37 22
96%
78 - 56 22
96%
82 - 60 22
96%
93 - 71 22
96%
27 - 4 23
96%
31 - 8 23
96%
42 - 19 23
96%
49 - 26 23
96%
74 - 51 23
96%
48 - 24 24
96%
59 - 35 24
96%
90 - 66 24
96%
33 - 8 25
96%
39 - 14 25
96%
41 - 16 25
96%
43 - 18 25
96%
54 - 29 25
96%
64 - 39 25
96%
80 - 55 25
96%
86 - 61 25
96%
99 - 74 25
96%
47 - 21 26
96%
74 - 48 26
96%
76 - 50 26
96%
87 - 61 26
96%
58 - 31 27
96%
61 - 34 27
96%
91 - 64 27
96%
75 - 47 28
96%
88 - 60 28
96%
90 - 62 28
96%
93 - 65 28
96%
30 - 1 29
96%
33 - 4 29
96%
34 - 5 29
96%
35 - 6 29
96%
43 - 14 29
96%
50 - 21 29
96%
53 - 24 29
96%
68 - 39 29
96%
84 - 55 29
96%
6 - 3 3
96%
45 - 42 3
96%
58 - 55 3
96%
61 - 58 3
96%
70 - 67 3
96%
94 - 63 31
96%
95 - 64 31
96%
100 - 69 31
96%
49 - 16 33
96%
55 - 22 33
96%
59 - 26 33
96%
60 - 27 33
96%
70 - 37 33
96%
75 - 42 33
96%
77 - 44 33
96%
88 - 55 33
96%
39 - 5 34
96%
40 - 6 34
96%
64 - 30 34
96%
77 - 43 34
96%
87 - 53 34
96%
44 - 9 35
96%
48 - 13 35
96%
52 - 17 35
96%
42 - 6 36
96%
46 - 10 36
96%
86 - 50 36
96%
98 - 62 36
96%
43 - 6 37
96%
47 - 10 37
96%
56 - 19 37
96%
88 - 51 37
96%
61 - 23 38
96%
70 - 32 38
96%
89 - 51 38
96%
45 - 6 39
96%
48 - 9 39
96%
52 - 13 39
96%
7 - 3 4
96%
36 - 32 4
96%
52 - 48 4
96%
70 - 66 4
96%
76 - 72 4
96%
77 - 73 4
96%
88 - 84 4
96%
51 - 11 40
96%
92 - 52 40
96%
43 - 2 41
96%
46 - 5 41
96%
70 - 29 41
96%
75 - 33 42
96%
87 - 45 42
96%
73 - 30 43
96%
75 - 32 43
96%
76 - 33 43
96%
88 - 45 43
96%
97 - 54 43
96%
58 - 14 44
96%
74 - 30 44
96%
77 - 33 44
96%
99 - 55 44
96%
48 - 3 45
96%
52 - 7 45
96%
65 - 20 45
96%
76 - 31 45
96%
96 - 51 45
96%
59 - 13 46
96%
62 - 16 46
96%
66 - 20 46
96%
56 - 9 47
96%
60 - 13 47
96%
87 - 40 47
96%
53 - 5 48
96%
69 - 21 48
96%
55 - 6 49
96%
72 - 23 49
96%
73 - 24 49
96%
100 - 51 49
96%
8 - 3 5
96%
11 - 6 5
96%
23 - 18 5
96%
52 - 47 5
96%
54 - 49 5
96%
58 - 53 5
96%
70 - 65 5
96%
75 - 70 5
96%
87 - 82 5
96%
92 - 87 5
96%
54 - 4 50
96%
59 - 9 50
96%
80 - 30 50
96%
71 - 20 51
96%
75 - 24 51
96%
95 - 44 51
96%
58 - 6 52
96%
68 - 16 52
96%
87 - 35 52
96%
100 - 48 52
96%
57 - 4 53
96%
68 - 15 53
96%
94 - 40 54
96%
59 - 4 55
96%
63 - 8 55
96%
61 - 5 56
96%
77 - 21 56
96%
80 - 24 56
96%
89 - 33 56
96%
62 - 5 57
96%
63 - 5 58
96%
89 - 31 58
96%
69 - 10 59
96%
89 - 30 59
96%
95 - 36 59
96%
100 - 41 59
96%
19 - 13 6
96%
45 - 39 6
96%
71 - 65 6
96%
96 - 90 6
96%
62 - 2 60
96%
83 - 23 60
96%
93 - 32 61
96%
87 - 25 62
96%
98 - 36 62
96%
65 - 2 63
96%
73 - 10 63
96%
95 - 32 63
96%
69 - 5 64
96%
70 - 6 64
96%
85 - 20 65
96%
71 - 5 66
96%
76 - 9 67
96%
78 - 11 67
96%
76 - 8 68
96%
82 - 13 69
96%
84 - 15 69
96%
17 - 10 7
96%
37 - 30 7
96%
42 - 35 7
96%
48 - 41 7
96%
62 - 55 7
96%
80 - 73 7
96%
91 - 84 7
96%
94 - 87 7
96%
86 - 15 71
96%
97 - 26 71
96%
82 - 10 72
96%
83 - 11 72
96%
81 - 8 73
96%
97 - 24 73
96%
92 - 17 75
96%
96 - 21 75
96%
83 - 7 76
96%
94 - 18 76
96%
88 - 11 77
96%
15 - 7 8
96%
23 - 15 8
96%
27 - 19 8
96%
29 - 21 8
96%
36 - 28 8
96%
40 - 32 8
96%
42 - 34 8
96%
44 - 36 8
96%
49 - 41 8
96%
50 - 42 8
96%
67 - 59 8
96%
96 - 16 80
96%
88 - 6 82
96%
94 - 12 82
96%
98 - 16 82
96%
99 - 17 82
96%
93 - 10 83
96%
94 - 10 84
96%
96 - 10 86
96%
93 - 6 87
96%
98 - 10 88
96%
26 - 17 9
96%
31 - 22 9
96%
33 - 24 9
96%
37 - 28 9
96%
41 - 32 9
96%
45 - 36 9
96%
62 - 53 9
96%
74 - 65 9
96%
81 - 72 9
96%
83 - 74 9
96%
7 - 6 1
95%
18 - 17 1
95%
26 - 25 1
95%
42 - 41 1
95%
43 - 42 1
95%
48 - 47 1
95%
49 - 48 1
95%
89 - 88 1
95%
25 - 15 10
95%
39 - 29 10
95%
45 - 35 10
95%
93 - 83 10
95%
14 - 3 11
95%
18 - 7 11
95%
19 - 8 11
95%
29 - 18 11
95%
94 - 83 11
95%
17 - 5 12
95%
28 - 16 12
95%
30 - 18 12
95%
67 - 55 12
95%
69 - 57 12
95%
75 - 63 12
95%
87 - 75 12
95%
52 - 39 13
95%
60 - 46 14
95%
77 - 63 14
95%
23 - 8 15
95%
41 - 26 15
95%
54 - 39 15
95%
60 - 45 15
95%
72 - 57 15
95%
93 - 78 15
95%
35 - 19 16
95%
38 - 22 16
95%
61 - 45 16
95%
79 - 63 16
95%
82 - 66 16
95%
83 - 67 16
95%
31 - 14 17
95%
43 - 26 17
95%
48 - 31 17
95%
54 - 37 17
95%
55 - 38 17
95%
62 - 45 17
95%
25 - 7 18
95%
27 - 9 18
95%
51 - 33 18
95%
64 - 46 18
95%
69 - 51 18
95%
80 - 62 18
95%
88 - 70 18
95%
32 - 13 19
95%
34 - 15 19
95%
38 - 19 19
95%
44 - 25 19
95%
66 - 47 19
95%
70 - 51 19
95%
72 - 53 19
95%
89 - 70 19
95%
96 - 77 19
95%
6 - 4 2
95%
9 - 7 2
95%
26 - 24 2
95%
40 - 38 2
95%
45 - 25 20
95%
46 - 26 20
95%
62 - 42 20
95%
63 - 43 20
95%
75 - 55 20
95%
28 - 7 21
95%
39 - 18 21
95%
25 - 3 22
95%
36 - 14 22
95%
47 - 25 22
95%
68 - 46 22
95%
94 - 72 22
95%
44 - 21 23
95%
61 - 38 23
95%
79 - 56 23
95%
58 - 34 24
95%
65 - 41 24
95%
86 - 62 24
95%
40 - 15 25
95%
49 - 24 25
95%
55 - 30 25
95%
58 - 33 25
95%
38 - 12 26
95%
41 - 15 26
95%
42 - 16 26
95%
44 - 18 26
95%
80 - 54 26
95%
100 - 74 26
95%
66 - 39 27
95%
68 - 41 27
95%
81 - 54 27
95%
82 - 55 27
95%
63 - 35 28
95%
77 - 49 28
95%
83 - 55 28
95%
86 - 58 28
95%
96 - 68 28
95%
42 - 13 29
95%
44 - 15 29
95%
58 - 29 29
95%
61 - 32 29
95%
64 - 35 29
95%
72 - 43 29
95%
15 - 12 3
95%
51 - 48 3
95%
72 - 69 3
95%
96 - 66 30
95%
74 - 43 31
95%
85 - 54 31
95%
66 - 34 32
95%
76 - 44 32
95%
100 - 68 32
95%
86 - 53 33
95%
96 - 63 33
95%
62 - 28 34
95%
68 - 34 34
95%
85 - 51 34
95%
63 - 28 35
95%
96 - 61 35
95%
65 - 29 36
95%
80 - 44 36
95%
84 - 48 36
95%
79 - 42 37
95%
84 - 47 37
95%
44 - 6 38
95%
48 - 10 38
95%
60 - 22 38
95%
91 - 53 38
95%
40 - 1 39
95%
62 - 23 39
95%
83 - 44 39
95%
85 - 46 39
95%
99 - 60 39
95%
32 - 28 4
95%
37 - 33 4
95%
38 - 34 4
95%
55 - 51 4
95%
68 - 64 4
95%
83 - 79 4
95%
96 - 56 40
95%
42 - 1 41
95%
90 - 49 41
95%
91 - 49 42
95%
55 - 12 43
95%
64 - 21 43
95%
65 - 22 43
95%
93 - 50 43
95%
49 - 5 44
95%
51 - 7 44
95%
57 - 13 44
95%
69 - 24 45
95%
86 - 41 45
95%
53 - 7 46
95%
96 - 50 46
95%
90 - 43 47
95%
65 - 17 48
95%
70 - 22 48
95%
90 - 42 48
95%
92 - 44 48
95%
71 - 22 49
95%
85 - 36 49
95%
86 - 37 49
95%
87 - 38 49
95%
92 - 43 49
95%
6 - 1 5
95%
10 - 5 5
95%
13 - 8 5
95%
20 - 15 5
95%
24 - 19 5
95%
46 - 41 5
95%
49 - 44 5
95%
84 - 79 5
95%
78 - 28 50
95%
87 - 37 50
95%
94 - 44 50
95%
98 - 48 50
95%
83 - 32 51
95%
62 - 10 52
95%
79 - 27 52
95%
83 - 31 52
95%
84 - 32 52
95%
66 - 13 53
95%
80 - 27 53
95%
62 - 7 55
95%
81 - 26 55
95%
99 - 44 55
95%
67 - 11 56
95%
82 - 26 56
95%
91 - 35 56
95%
97 - 41 56
95%
65 - 8 57
95%
87 - 30 57
95%
82 - 24 58
95%
84 - 26 58
95%
100 - 42 58
95%
67 - 8 59
95%
85 - 26 59
95%
96 - 37 59
95%
12 - 6 6
95%
21 - 15 6
95%
95 - 89 6
95%
71 - 9 62
95%
78 - 16 62
95%
67 - 4 63
95%
74 - 11 63
95%
79 - 16 63
95%
74 - 9 65
95%
83 - 18 65
95%
77 - 11 66
95%
97 - 31 66
95%
79 - 11 68
95%
94 - 26 68
95%
99 - 31 68
95%
98 - 29 69
95%
9 - 2 7
95%
15 - 8 7
95%
43 - 36 7
95%
88 - 81 7
95%
95 - 88 7
95%
96 - 89 7
95%
87 - 16 71
95%
99 - 28 71
95%
98 - 25 73
95%
87 - 13 74
95%
85 - 10 75
95%
86 - 11 75
95%
81 - 4 77
95%
87 - 10 77
95%
91 - 14 77
95%
91 - 12 79
95%
97 - 18 79
95%
25 - 17 8
95%
51 - 43 8
95%
69 - 61 8
95%
74 - 66 8
95%
87 - 79 8
95%
97 - 89 8
95%
96 - 12 84
95%
97 - 13 84
95%
91 - 6 85
95%
95 - 9 86
95%
14 - 5 9
95%
17 - 8 9
95%
72 - 63 9
95%
75 - 66 9
95%
82 - 73 9
95%
100 - 91 9
95%
97 - 6 91
95%
95 - 3 92
95%
59 - 58 1
94%
37 - 27 10
94%
38 - 28 10
94%
40 - 29 11
94%
82 - 71 11
94%
46 - 34 12
94%
31 - 18 13
94%
50 - 37 13
94%
58 - 45 13
94%
65 - 52 13
94%
68 - 55 13
94%
88 - 75 13
94%
52 - 38 14
94%
89 - 75 14
94%
94 - 80 14
94%
31 - 16 15
94%
33 - 18 15
94%
84 - 69 15
94%
87 - 72 15
94%
34 - 18 16
94%
36 - 20 16
94%
44 - 28 16
94%
42 - 25 17
94%
33 - 15 18
94%
37 - 19 18
94%
71 - 53 18
94%
77 - 58 19
94%
13 - 11 2
94%
14 - 12 2
94%
87 - 85 2
94%
47 - 27 20
94%
52 - 31 21
94%
84 - 63 21
94%
100 - 79 21
94%
41 - 19 22
94%
43 - 21 22
94%
67 - 45 22
94%
80 - 58 22
94%
34 - 10 24
94%
70 - 46 24
94%
72 - 48 24
94%
73 - 49 24
94%
47 - 22 25
94%
51 - 26 25
94%
67 - 42 25
94%
84 - 59 25
94%
92 - 67 25
94%
34 - 8 26
94%
43 - 17 26
94%
69 - 43 26
94%
45 - 17 28
94%
49 - 21 28
94%
76 - 48 28
94%
98 - 70 28
94%
38 - 9 29
94%
55 - 26 29
94%
99 - 96 3
94%
45 - 15 30
94%
56 - 26 30
94%
47 - 16 31
94%
62 - 31 31
94%
93 - 62 31
94%
44 - 12 32
94%
93 - 61 32
94%
61 - 28 33
94%
67 - 34 33
94%
81 - 48 33
94%
84 - 51 33
94%
91 - 58 33
94%
43 - 9 34
94%
74 - 40 34
94%
49 - 14 35
94%
54 - 19 35
94%
72 - 37 35
94%
77 - 42 35
94%
81 - 45 36
94%
90 - 54 36
94%
51 - 14 37
94%
66 - 29 37
94%
97 - 60 37
94%
55 - 17 38
94%
100 - 62 38
94%
53 - 14 39
94%
68 - 29 39
94%
74 - 35 39
94%
86 - 47 39
94%
87 - 48 39
94%
33 - 29 4
94%
43 - 39 4
94%
81 - 77 4
94%
86 - 82 4
94%
100 - 96 4
94%
71 - 31 40
94%
69 - 28 41
94%
89 - 48 41
94%
72 - 30 42
94%
80 - 38 42
94%
83 - 41 42
94%
94 - 52 42
94%
48 - 5 43
94%
70 - 27 43
94%
92 - 49 43
94%
81 - 37 44
94%
54 - 9 45
94%
81 - 35 46
94%
83 - 37 46
94%
68 - 21 47
94%
77 - 30 47
94%
95 - 48 47
94%
83 - 35 48
94%
62 - 13 49
94%
21 - 16 5
94%
76 - 26 50
94%
89 - 39 50
94%
93 - 43 50
94%
84 - 33 51
94%
89 - 38 51
94%
91 - 40 51
94%
63 - 11 52
94%
89 - 37 52
94%
90 - 38 52
94%
92 - 40 52
94%
71 - 18 53
94%
84 - 31 53
94%
98 - 45 53
94%
88 - 34 54
94%
89 - 34 55
94%
75 - 19 56
94%
88 - 32 56
94%
90 - 34 56
94%
98 - 42 56
94%
64 - 5 59
94%
72 - 13 59
94%
32 - 26 6
94%
50 - 44 6
94%
62 - 56 6
94%
84 - 24 60
94%
87 - 23 64
94%
98 - 34 64
94%
92 - 26 66
94%
87 - 20 67
94%
83 - 15 68
94%
31 - 24 7
94%
52 - 45 7
94%
63 - 56 7
94%
71 - 64 7
94%
96 - 26 70
94%
91 - 19 72
94%
97 - 20 77
94%
83 - 5 78
94%
93 - 15 78
94%
45 - 37 8
94%
58 - 50 8
94%
76 - 68 8
94%
93 - 85 8
94%
98 - 15 83
94%
87 - 3 84
94%
99 - 14 85
94%
100 - 14 86
94%
95 - 8 87
94%
66 - 57 9
94%
96 - 5 91
94%
54 - 53 1
93%
90 - 89 1
93%
33 - 22 11
93%
52 - 41 11
93%
96 - 85 11
93%
44 - 32 12
93%
48 - 36 12
93%
61 - 49 12
93%
23 - 10 13
93%
29 - 16 13
93%
48 - 35 13
93%
33 - 19 14
93%
53 - 39 14
93%
62 - 48 14
93%
53 - 38 15
93%
46 - 30 16
93%
51 - 35 16
93%
73 - 57 16
93%
76 - 59 17
93%
94 - 77 17
93%
43 - 25 18
93%
45 - 27 18
93%
52 - 34 18
93%
76 - 58 18
93%
86 - 68 18
93%
92 - 74 18
93%
97 - 79 18
93%
35 - 16 19
93%
25 - 23 2
93%
57 - 36 21
93%
85 - 63 22
93%
88 - 65 23
93%
46 - 22 24
93%
69 - 45 24
93%
82 - 57 25
93%
51 - 24 27
93%
85 - 58 27
93%
93 - 66 27
93%
94 - 67 27
93%
99 - 72 27
93%
44 - 16 28
93%
95 - 67 28
93%
41 - 38 3
93%
53 - 23 30
93%
78 - 48 30
93%
97 - 66 31
93%
79 - 47 32
93%
45 - 12 33
93%
48 - 15 33
93%
92 - 59 33
93%
97 - 64 33
93%
98 - 65 33
93%
47 - 13 34
93%
51 - 17 34
93%
88 - 54 34
93%
64 - 29 35
93%
69 - 34 35
93%
78 - 43 35
93%
93 - 58 35
93%
57 - 21 36
93%
69 - 32 37
93%
73 - 36 37
93%
58 - 19 39
93%
77 - 38 39
93%
82 - 43 39
93%
84 - 45 39
93%
97 - 57 40
93%
93 - 51 42
93%
47 - 3 44
93%
82 - 38 44
93%
80 - 34 46
93%
91 - 45 46
93%
72 - 25 47
93%
75 - 28 47
93%
84 - 37 47
93%
52 - 4 48
93%
66 - 17 49
93%
70 - 21 49
93%
73 - 68 5
93%
73 - 22 51
93%
62 - 9 53
93%
96 - 42 54
93%
76 - 21 55
93%
93 - 38 55
93%
72 - 16 56
93%
73 - 17 56
93%
71 - 14 57
93%
88 - 30 58
93%
92 - 34 58
93%
83 - 24 59
93%
33 - 27 6
93%
64 - 58 6
93%
85 - 23 62
93%
90 - 28 62
93%
88 - 25 63
93%
100 - 37 63
93%
91 - 27 64
93%
99 - 35 64
93%
89 - 24 65
93%
83 - 17 66
93%
98 - 32 66
93%
81 - 14 67
93%
83 - 14 69
93%
16 - 9 7
93%
61 - 54 7
93%
65 - 58 7
93%
74 - 4 70
93%
86 - 16 70
93%
91 - 21 70
93%
81 - 9 72
93%
93 - 20 73
93%
80 - 3 77
93%
97 - 19 78
93%
35 - 27 8
93%
43 - 35 8
93%
89 - 9 80
93%
100 - 20 80
93%
95 - 11 84
93%
34 - 25 9
93%
68 - 59 9
93%
77 - 68 9
93%
92 - 83 9
93%
57 - 47 10
92%
76 - 64 12
92%
90 - 78 12
92%
35 - 22 13
92%
41 - 28 13
92%
78 - 65 13
92%
92 - 79 13
92%
97 - 84 13
92%
61 - 47 14
92%
22 - 6 16
92%
56 - 39 17
92%
75 - 58 17
92%
46 - 28 18
92%
50 - 32 18
92%
85 - 67 18
92%
68 - 48 20
92%
85 - 64 21
92%
69 - 46 23
92%
71 - 48 23
92%
53 - 29 24
92%
83 - 59 24
92%
98 - 74 24
92%
99 - 75 24
92%
54 - 28 26
92%
65 - 38 27
92%
89 - 62 27
92%
67 - 39 28
92%
49 - 18 31
92%
54 - 23 31
92%
59 - 28 31
92%
69 - 38 31
92%
99 - 67 32
92%
92 - 58 34
92%
86 - 51 35
92%
94 - 59 35
92%
49 - 12 37
92%
54 - 16 38
92%
66 - 27 39
92%
68 - 27 41
92%
75 - 34 41
92%
59 - 16 43
92%
67 - 23 44
92%
86 - 42 44
92%
94 - 49 45
92%
73 - 27 46
92%
78 - 32 46
92%
79 - 33 46
92%
93 - 47 46
92%
65 - 18 47
92%
74 - 24 50
92%
97 - 46 51
92%
63 - 7 56
92%
92 - 35 57
92%
74 - 15 59
92%
82 - 23 59
92%
83 - 77 6
92%
75 - 15 60
92%
82 - 18 64
92%
91 - 23 68
92%
95 - 27 68
92%
95 - 22 73
92%
93 - 16 77
92%
96 - 17 79
92%
86 - 78 8
92%
85 - 76 9
92%
59 - 48 11
91%
79 - 66 13
91%
81 - 68 13
91%
21 - 7 14
91%
42 - 28 14
91%
99 - 84 15
91%
55 - 39 16
91%
68 - 51 17
91%
41 - 23 18
91%
66 - 48 18
91%
45 - 26 19
91%
97 - 76 21
91%
47 - 24 23
91%
42 - 17 25
91%
87 - 62 25
91%
62 - 36 26
91%
97 - 69 28
91%
71 - 36 35
91%
82 - 47 35
91%
83 - 48 35
91%
92 - 57 35
91%
94 - 58 36
91%
95 - 59 36
91%
75 - 38 37
91%
66 - 28 38
91%
67 - 29 38
91%
78 - 39 39
91%
42 - 38 4
91%
63 - 17 46
91%
63 - 16 47
91%
67 - 19 48
91%
82 - 34 48
91%
85 - 34 51
91%
86 - 34 52
91%
69 - 15 54
91%
94 - 39 55
91%
96 - 41 55
91%
83 - 27 56
91%
95 - 39 56
91%
93 - 87 6
91%
97 - 36 61
91%
93 - 29 64
91%
30 - 23 7
91%
51 - 39 12
90%
85 - 73 12
90%
32 - 19 13
90%
91 - 76 15
90%
74 - 57 17
90%
75 - 57 18
90%
87 - 69 18
90%
76 - 55 21
90%
91 - 69 22
90%
96 - 73 23
90%
46 - 19 27
90%
62 - 59 3
90%
51 - 19 32
90%
63 - 26 37
90%
76 - 39 37
90%
85 - 48 37
90%
83 - 38 45
90%
64 - 17 47
90%
81 - 34 47
90%
74 - 19 55
90%
86 - 29 57
90%
97 - 39 58
90%
81 - 18 63
90%
92 - 29 63
90%
97 - 28 69
90%
92 - 18 74
90%
73 - 58 15
89%
71 - 55 16
89%
74 - 58 16
89%
93 - 75 18
89%
81 - 59 22
89%
82 - 53 29
89%
89 - 55 34
89%
65 - 28 37
89%
96 - 47 49
89%
83 - 66 17
88%
73 - 47 26
88%
83 - 29 54
88%
51 - 28 23
87%
Keine übereinstimmenden Quizze gefunden
Verteilung der Resultate
Anzahl Personen mit jedem Resultat
Perzentil nach korrekt beantworteten Fragen
Ihre Resultats-Entwicklung
Sie haben dieses Quiz seit der letzten Aktualisierung nicht gespielt